Online Public Access Catalog -OPAC

Voice problems of children. (Record no. 47884)

MARC details
000 -LEADER
fixed length control field 00486nam a2200145Ia 4500
008 - FIXED-LENGTH DATA ELEMENTS--GENERAL INFORMATION
fixed length control field 180412s9999||||xx |||||||||||||| ||und||
020 ## - INTERNATIONAL STANDARD BOOK NUMBER
International Standard Book Number 068309193X
040 ## - CATALOGING SOURCE
Original cataloging agency Ahmadu Bello University Library - Zaria
100 ## - MAIN ENTRY--PERSONAL NAME
Personal name Wilson, D. Kenneth
245 #0 - TITLE STATEMENT
Title Voice problems of children.
Statement of responsibility, etc. D. Kenneth Wilson
250 ## - EDITION STATEMENT
Edition statement \\
-- 2nd ed.
260 ## - PUBLICATION, DISTRIBUTION, ETC.
Place of publication, distribution, etc. Baltimore
Name of publisher, distributor, etc. Williams and Wilkins
Date of publication, distribution, etc. c1979
300 ## - PHYSICAL DESCRIPTION
Extent x, 238p.: ill., 26 cm
500 ## - GENERAL NOTE
General note Bibliography: p. 201-219. Includes indexes.
600 ## - SUBJECT ADDED ENTRY--PERSONAL NAME
Personal name Voice disordeers in children

No items available.

Customized by ICT Technical Service Unit on 29th Dec 2022

Kashim Ibrahim Library